000 01462cam a2200313 i 4500
001 20330941
005 20221111102445.0
008 180201s2019 nju 001 0 eng
010 _a 2018000580
020 _a9780135162972 (paperback)
020 _a0135162971 (paperback)
040 _aDLC
_beng
_cDLC
_erda
_dDLC
042 _apcc
050 0 0 _aQA184.2
_b.B73 2019
082 0 0 _a512.5,BRE
_223
100 1 _aBretscher, Otto,
_eauthor.
_960940
245 1 0 _aLinear algebra with applications /
_cOtto Bretscher
250 _aFifth edition [2019 edition].
264 1 _aUpper Saddle River, New Jersey :
_bPearson Education, Inc.,
_c2019.
300 _axv, 508 pages :
_billustrations ;
_c26 cm
336 _atext
_btxt
_2rdacontent
337 _aunmediated
_bn
_2rdamedia
338 _avolume
_bnc
_2rdacarrier
505 0 _aLinear equations (Page-1), Linear transformations (Page-41), Subspaces of Rn and their dimensions (Page-110), Linear spaces (Page-166), Orthogonality and least squares (Page-202), Determinants (Page-265), Eigenvalues and eigenvectors (Page-310), Symmetric matrices and quadratic forms (Page-358), Linear differential equations (Page-415).
650 0 _aAlgebras, Linear
_vTextbooks.
_94602
906 _a7
_bcbc
_corignew
_d1
_eecip
_f20
_gy-gencatlg
942 _2ddc
_cBK
_k512.5,BRE
999 _c592290
_d592290